000
00297nam a2200121Ia 4500
008
190216s9999||||xx |||||||||||||| ||und||
100
_a
Mayah Balse
245
0
_a
Of Gods And Men
260
_b
"Ibh Publishing Company, Bombay"
_c
1967
300
_a
99p
650
_a
English Literature
942
_c
BK
999
_c
11733
_d
11733